Normal view
MARC view
Entry Topical Term
001 - CONTROL NUMBER
- control field: 51770
003 - CONTROL NUMBER IDENTIFIER
- control field: OSt
005 - DATE AND TIME OF LATEST TRANSACTION
- control field: 20250326165222.0
008 - FIXED-LENGTH DATA ELEMENTS
- fixed length control field: 250326|| aca||aabn | a|a d
040 ## - CATALOGING SOURCE
- Original cataloging agency: OSt
- Transcribing agency: OSt
150 ## - HEADING--TOPICAL TERM
- Topical term or geographic name entry element: India, Youth Population, Global Rise, 472 Million Children, Census 2011, Incremental Youth Population, Next Two Decades, Economic Growth, Education, Healthcare, Employment Opportunities, Demographic Dividend, Strategic Planning.
670 ## - SOURCE DATA FOUND
- Source citation: Work cat.: (OSt)525835: Marwaha, P., Pant, R. and Kachroo, A.S. 51769, Today’s children tomorrow’s youth: The young population of India as stakeholders of the cooperative movement
